Statistiques concernant Pokémon PWT-Premier Tournoi & Tournoi de Port Yoneuve

Cliquez ici pour prendre le quiz!

Statistiques générales

  • Ce quiz a été pris 14 fois
  • Le résultat moyen est 46 sur 73

Statistiques - réponses

TournoisDresseursPokémon% Correct
Colombeau
100%
Colombeau
100%
Premier TournoiMatisGrotichon
100%
Lianaja
100%
Tournoi de Port YoneuveTcherenMastouffe
100%
TcherenMastouffe
100%
Mateloutre
100%
Miasmax
100%
Miradar
100%
Miradar
100%
StryknaBrutapode
86%
Emolga
86%
Feuiloutan
86%
Feuiloutan
86%
Flamoutan
86%
Flamoutan
86%
Flotoutan
86%
Flotoutan
86%
Lewsor
86%
Lewsor
86%
NikolaïMagnéton
86%
ArtieManternel
86%
BardaneMinotaupe
86%
Smogo
86%
Tic
86%
Tic
86%
IneziaZéblitz
86%
Crabaraque
71%
Géolithe
71%
Karatéka WakizaJudokrak
71%
Combattante JaneKaraclée
71%
Mygavolt
71%
Pashmilla
71%
Pashmilla
71%
Rhinolove
71%
Tadmorv
71%
Batracné
57%
Escroco
57%
Vénérable FidelFarfaduvet
57%
Vénérable MonaFragilady
57%
Lainergie
57%
Lançargot
57%
Mamanbo
57%
Nucléos
57%
Scrutella
57%
Séviper
57%
Apireine
43%
Baggaïd
43%
Caninos
43%
Chacripan
43%
Kinésiste JulioCryptéro
43%
Funécire
43%
Furaiglon
43%
Kaorine
43%
Nosferalto
43%
Ouvrifier
43%
Scarhino
43%
Viskuse
43%
Vivaldaim
43%
Vostourno
43%
Topdresseur BlaiseAéroptéryx
29%
Scientifique AlessandroAkwakwak
29%
Topdresseuse VictoriaCarapagos
29%
Lakmécygne
29%
Scientifique KatiaLockpin
29%
Mangriff
29%
Polarhume
29%
Sorbébé
29%
Tutankafer
29%
Grindur
14%
Kinésiste CoryM.Mime
14%
Simularbre
14%
Tarinor
14%

Distribution des résultats

Percentile par nombre de réponses

% des personnes avec chaque résultat

Votre développement - résultats

Vous n’avez pas pris ce quiz